Statistics for Fortnite Season 1 Locations

Click here to take the quiz!

General Stats

  • This quiz has been taken 147 times
    (146 since last reset)
  • The average score is 7 of 13

Answer Stats

Answer% Correct
Salty Springs
74%
Loot Lake
62%
Retail Row
62%
Dusty Depot
61%
Anarchy Acres
57%
Moisty Mire
57%
Greasy Grove
55%
Wailing Woods
55%
Fatal Fields
52%
Flush Factory
52%
Tomato Town
51%
Pleaseant Park
50%
Lonely Lodge
44%

Score Distribution

Percentile by Number Answered

Percent of People with Each Score

Your Score History

You have not taken this quiz since the last reset